00854nam a2200229 a 450000100100000000500170001000800410002702000150006804000130008308200150009610000260011124500880013726000400022530000280026550000210029350000380031450400540035253400760040604900090048295201180049199900150060900000182020200929145721.0090629s1979 sp a 001 0 spa d a8420615358 aDO-SdBNP axxxbL913d1 aLowe, Gordon R.9591813aEl desarrollo de la personalidad :bde la infancia a la senectud /cGordon R. Lowe. aMadrid :bAlianza Editorial,c1979. a303 p. :bil. ;c19 cm. aIncluye índice aIncluye notas al pie de páginas aIncluye referencias bibliográficas (p. 302-303) aTítulo original : The growth of personaltiy - from infancy to old age aBNPD 001054708MOaGRbGRcCTd2009-06-29iLF1l0oxxx L913dp1820-10r2020-06-25w2020-06-25y4ZPréstamo en sala c1697d1697